[Event "CRO-chT1A 30th"]
[Site "Porec"]
[Date "2022.09.30"]
[Round "7.2"]
[White "Franic, Milan"]
[Black "Petkov, Vladimir"]
[Result "1-0"]
[WhiteElo "2365"]
[BlackElo "2451"]
[PlyCount "123"]
[EventDate "2022.09.24"]
[EventType "team-tourn"]
[EventRounds "9"]
[EventCountry "CRO"]
[SourceTitle "CBM 210 Extra"]
[Source "ChessBase"]
[SourceDate "2022.11.30"]
[SourceVersion "1"]
[SourceVersionDate "2022.11.30"]
[SourceQuality "1"]
[WhiteTeam "Pula"]
[BlackTeam "Zagreb Zagreb"]
[WhiteTeamCountry "CRO"]
[BlackTeamCountry "CRO"]

1. d4 Nf6 2. c4 e6 3. Nc3 Bb4 4. e3 0-0 5. Nge2 c6 6. a3 Ba5 7. Ng3 d5 8. cxd5 exd5 9. Bd3 Re8 10. 0-0 Nbd7 11. Bd2 Bc7 12. Rc1 Nf8 13. b4 a6 14. Re1 Ne6 15. Na4 Ng5 16. Re2 h5 17. Nf1 h4 18. f4 Nge4 19. Be1 h3 20. Rb2 hxg2 21. Kxg2 Bg4 22. Be2 Bxe2 23. Qxe2 Nd6 24. Qf3 Nf5 25. Nc5 Qc8 26. Kh1 g6 27. a4 Bd6 28. Rbc2 Re7 29. Nd3 Qe6 30. Ne5 Kg7 31. Rb1 Ne4 32. Rg2 Rh8 33. Rbb2 Rh6 34. Ng4 Rh7 35. Ne5 Re8 36. Rg1 Reh8 37. Rbg2 Rh6 38. Qe2 Qe7 39. Qb2 Rh3 40. b5 axb5 41. axb5 Bxe5 42. dxe5 Qe6 43. bxc6 bxc6 44. Qb7 R8h6 45. Re2 c5 46. Rgg2 Rf3 47. Kg1 Rhh3 48. Bf2 c4 49. Ra2 Qe7 50. Qxd5 Nc3 51. Qxc4 Nxa2 52. Qxa2 Rh8 53. Qe2 Rfh3 54. e4 Nh6 55. Bg3 Rd8 56. Rf2 Rd4 57. f5 Qg5 58. e6 fxe6 59. Qb2 e5 60. f6+ Kh8 61. Qb8+ Ng8 62. f7 1-0

[Event "CRO-chT1A 30th"]
[Site "Porec"]
[Date "2022.09.26"]
[Round "3.2"]
[White "Franic, Milan"]
[Black "Krstic, Uros"]
[Result "1/2-1/2"]
[WhiteElo "2365"]
[BlackElo "2323"]
[PlyCount "124"]
[EventDate "2022.09.24"]
[EventType "team-tourn"]
[EventRounds "9"]
[EventCountry "CRO"]
[SourceTitle "CBM 210 Extra"]
[Source "ChessBase"]
[SourceDate "2022.11.30"]
[SourceVersion "1"]
[SourceVersionDate "2022.11.30"]
[SourceQuality "1"]
[WhiteTeam "Pula"]
[BlackTeam "Strigova Stridon"]
[WhiteTeamCountry "CRO"]
[BlackTeamCountry "CRO"]

1. d4 g6 2. c4 Bg7 3. Nc3 d6 4. e4 e5 5. Be3 exd4 6. Bxd4 Nf6 7. f3 0-0 8. Nge2 a6 9. Qd2 b5 10. Ng3 h5 11. h4 Nc6 12. Bf2 bxc4 13. Bxc4 Ne5 14. Be2 Be6 15. Rd1 a5 16. Nf1 Nc4 17. Qc1 a4 18. Ne3 Bh6 19. Bxc4 Bxc4 20. Qc2 Ba6 21. Nxa4 Qb8 22. Nc3 c6 23. Rd4 Re8 24. Kd1 d5 25. Re1 dxe4 26. fxe4 Qe5 27. Nc4 Qf4 28. Be3 Qg4+ 29. Kc1 c5 30. Rd2 Qxh4 31. Bxh6 Qxe1+ 32. Rd1 Qg3 33. Nd6 Re6 34. Qd2 Rd8 35. Bf4 Qg4 36. e5 Ne8 37. Nce4 Nxd6 38. Nxd6 Kh7 39. Bg5 Rd7 40. Bf6 Bb5 41. Qe3 Rdxd6 42. Rxd6 Qc4+ 43. Kd2 Qxa2 44. Rxe6 Qxb2+ 45. Kd1 Qb1+ 46. Kd2 Qa2+ 47. Kd1 Qd5+ 48. Ke1 fxe6 49. Qa3 Qe4+ 50. Kf2 Qd4+ 51. Kg3 Qd3+ 52. Qxd3 Bxd3 53. Bg5 c4 54. Kf3 c3 55. Ke3 Bf5 56. Kd4 c2 57. g3 Kg7 58. Kc5 Kf7 59. Kd6 Ke8 60. Kc7 Be4 61. Kc8 Bd5 62. Kc7 Be4 1/2-1/2

[Event "CRO-chT1A 29th"]
[Site "Mali Losinj"]
[Date "2021.09.29"]
[Round "5.2"]
[White "Palac, Mladen"]
[Black "Franic, Milan"]
[Result "1-0"]
[WhiteElo "2529"]
[BlackElo "2369"]
[PlyCount "37"]
[EventDate "2021.09.25"]
[EventType "team-tourn"]
[EventRounds "9"]
[EventCountry "CRO"]
[SourceTitle "CBM 204 Extra"]
[Source "ChessBase"]
[SourceDate "2021.11.30"]
[SourceVersion "1"]
[SourceVersionDate "2021.11.30"]
[SourceQuality "1"]
[WhiteTeam "Zagreb Zagreb"]
[BlackTeam "Pula"]
[WhiteTeamCountry "CRO"]
[BlackTeamCountry "CRO"]

1. e4 e6 2. d4 d5 3. Nc3 Bb4 4. e5 Qd7 5. a3 Bxc3+ 6. bxc3 Qa4 7. Rb1 a6 8. Bd3 c5 9. dxc5 Nc6 10. f4 Qa5 11. Qg4 Kf8 12. Ne2 Qxc5 13. Qf3 Na5 14. Be3 Qc6 15. Bb6 Nc4 16. Nd4 Qd7 17. Bxc4 dxc4 18. Rd1 Qd5 19. Nf5 1-0

[Event "CRO-chT1B 28th"]
[Site "Mali Losinj"]
[Date "2019.10.03"]
[Round "6.24"]
[White "Mihalincic, Tomislav"]
[Black "Franic, Milan"]
[Result "0-1"]
[WhiteElo "2241"]
[BlackElo "2366"]
[PlyCount "82"]
[EventDate "2019.09.28"]
[EventType "team-tourn"]
[EventRounds "9"]
[EventCountry "CRO"]
[SourceTitle "EXT 2020"]
[Source "ChessBase"]
[SourceDate "2019.10.17"]
[SourceVersion "1"]
[SourceVersionDate "2019.10.17"]
[SourceQuality "1"]
[WhiteTeam "Bjelovar"]
[BlackTeam "Pula"]
[WhiteTeamCountry "CRO"]
[BlackTeamCountry "CRO"]

1. e4 b6 2. d4 Bb7 3. Nc3 e6 4. Nf3 Bb4 5. Bd3 Nf6 6. Qe2 d5 7. exd5 Nxd5 8. Bd2 Nxc3 9. bxc3 Be7 10. Ne5 Bf6 11. Bb5+ c6 12. Bd3 Nd7 13. f4 0-0 14. 0-0 g6 15. Be4 Qc7 16. Qf3 Rac8 17. Rfe1 Bg7 18. Qh3 Nf6 19. Bd3 c5 20. Kh1 Rfd8 21. dxc5 Qxc5 22. Rab1 Qc7 23. c4 Ne4 24. Qe3 Nxd2 25. Qxd2 Rd4 26. Qf2 Rcd8 27. Re3 Bh6 28. Rh3 Rxf4 29. Qe2 Bg7 30. Ng4 h5 31. Ne3 Bd4 32. Rf1 Qe5 33. Rb1 Qf6 34. Kg1 Bc5 35. Qe1 Rg4 36. Rg3 Qe5 37. Kf2 Qf4+ 38. Ke2 Bxe3 39. Rxe3 Rxg2+ 40. Kd1 Bf3+ 41. Kc1 Re2 0-1

[Event "CRO-chT1B 25th"]
[Site "Sibenik"]
[Date "2016.10.12"]
[Round "5.5"]
[White "Franic, Milan"]
[Black "Tica, Sven"]
[Result "0-1"]
[WhiteElo "2374"]
[BlackElo "2333"]
[PlyCount "52"]
[EventDate "2016.10.08"]
[EventType "team-tourn"]
[EventRounds "9"]
[EventCountry "CRO"]
[SourceTitle "EXT 2017"]
[Source "ChessBase"]
[SourceDate "2016.10.25"]
[SourceVersion "1"]
[SourceVersionDate "2016.10.25"]
[SourceQuality "1"]
[WhiteTeam "Pula"]
[BlackTeam "Rijeka Rijeka"]
[WhiteTeamCountry "CRO"]
[BlackTeamCountry "CRO"]

1. d4 e6 2. c4 d5 3. Nc3 Be7 4. Nf3 Nf6 5. Bg5 Nbd7 6. e3 h6 7. Bh4 0-0 8. Rc1 dxc4 9. Bxc4 a6 10. a4 c5 11. 0-0 cxd4 12. exd4 Nb6 13. Bb3 Bd7 14. Ne5 Bc6 15. Qd3 Nbd5 16. Nxc6 bxc6 17. Nb1 Qb6 18. Rc4 Rfd8 19. Bg3 Bd6 20. Nd2 Bf4 21. Bxf4 Nxf4 22. Qe3 Rxd4 23. Nf3 N6d5 24. Nxd4 Nxe3 25. fxe3 Ne2+ 26. Nxe2 Qxb3 0-1

[Event "CRO-chT1B 25th"]
[Site "Sibenik"]
[Date "2016.10.11"]
[Round "4.2"]
[White "Tesla, Miro"]
[Black "Franic, Milan"]
[Result "0-1"]
[WhiteElo "2134"]
[BlackElo "2374"]
[PlyCount "112"]
[EventDate "2016.10.08"]
[EventType "team-tourn"]
[EventRounds "9"]
[EventCountry "CRO"]
[SourceTitle "EXT 2017"]
[Source "ChessBase"]
[SourceDate "2016.10.25"]
[SourceVersion "1"]
[SourceVersionDate "2016.10.25"]
[SourceQuality "1"]
[WhiteTeam "Sibenik"]
[BlackTeam "Pula"]
[WhiteTeamCountry "CRO"]
[BlackTeamCountry "CRO"]

1. d4 e6 2. Nf3 Nf6 3. g3 b5 4. Bg2 Bb7 5. 0-0 c5 6. a4 b4 7. c3 Be7 8. dxc5 Bxc5 9. cxb4 Bxb4 10. Bd2 Na6 11. Nc3 0-0 12. Rc1 Qa5 13. Nd4 Bxg2 14. Nb3 Qb6 15. Kxg2 Be7 16. Nb5 Nb4 17. Be3 Qb7+ 18. f3 Nbd5 19. Bg1 a6 20. N5d4 Qb4 21. Qd2 Rfb8 22. Qxb4 Rxb4 23. e4 Nb6 24. a5 Na4 25. Rc2 g6 26. e5 Nd5 27. Rd1 Rab8 28. Rd3 f6 29. f4 fxe5 30. fxe5 Bf8 31. Kf3 Bg7 32. Re2 Rf8+ 33. Kg2 Rc8 34. Bf2 Rbb8 35. h3 h5 36. h4 Bh6 37. Kf1 Rc4 38. Kg2 Rc7 39. Rf3 Rbc8 40. Rd3 Bc1 41. Nxc1 Rxc1 42. Nb3 R1c4 43. Rd4 Kg7 44. Red2 Kf7 45. Kf3 Ke8 46. Ke2 Rxd4 47. Bxd4 Rb8 48. Rd3 Nb4 49. Rf3 Nc6 50. Bc5 Nxc5 51. Nxc5 Rxb2+ 52. Kd1 Rb5 53. Nb3 Nxa5 54. Nxa5 Rxa5 55. Rf6 Rxe5 56. Rxg6 Kf7 0-1

[Event "CRO Cup"]
[Site "Mali Losinj"]
[Date "2016.05.07"]
[Round "5.113"]
[White "Franic, Milan"]
[Black "Susnjar, Miroslav"]
[Result "1-0"]
[WhiteElo "2376"]
[BlackElo "2167"]
[PlyCount "129"]
[EventDate "2016.05.04"]
[EventType "team-swiss"]
[EventRounds "6"]
[EventCountry "CRO"]
[SourceTitle "CBM 172 Extra"]
[Source "ChessBase"]
[SourceDate "2016.06.21"]
[SourceVersion "1"]
[SourceVersionDate "2016.06.21"]
[SourceQuality "1"]
[WhiteTeam "Pula Pula"]
[BlackTeam "Osijek ETF"]
[WhiteTeamCountry "CRO"]
[BlackTeamCountry "CRO"]

1. d4 Nf6 2. c4 d6 3. Nc3 g6 4. e4 Bg7 5. Nf3 0-0 6. Be2 e5 7. 0-0 exd4 8. Nxd4 Re8 9. f3 c6 10. Kh1 Qb6 11. Nc2 Bf8 12. Rb1 Nbd7 13. Bg5 h6 14. Be3 Qc7 15. Qd2 Kh7 16. Rbd1 Ne5 17. Bg1 Be6 18. b3 Bc8 19. Rde1 a6 20. f4 Ned7 21. Bf3 Bg7 22. Rd1 Bf8 23. h3 Rb8 24. Nd4 c5 25. Nc2 b5 26. Ne3 Qa5 27. Qc2 Bb7 28. Bh2 Rbd8 29. Bg3 Bc6 30. Bh4 Rc8 31. g4 Qc7 32. Bg3 Qb7 33. Ncd5 Bxd5 34. cxd5 c4 35. b4 a5 36. a3 Qa7 37. Rfe1 Ra8 38. Qg2 axb4 39. axb4 Qa2 40. Nc2 Qa7 41. e5 Ng8 42. e6 Nb6 43. Nd4 f6 44. Nxb5 Qb7 45. Nd4 Na4 46. h4 Nc3 47. Rc1 Ra2 48. Rc2 Rea8 49. Qd2 Rxc2 50. Nxc2 Nb5 51. h5 gxh5 52. Be4+ Kh8 53. gxh5 Ne7 54. Bh4 f5 55. Bf6+ Bg7 56. Bxg7+ Kxg7 57. Bf3 Kh7 58. Ne3 Ra3 59. Qg2 Qa8 60. Nxf5 Nxf5 61. Be4 Nbd4 62. Bxf5+ Nxf5 63. Qg6+ Kh8 64. Qxf5 Rg3 65. e7 1-0

[Event "Zadar op-A 22nd"]
[Site "Zadar"]
[Date "2015.12.16"]
[Round "6"]
[White "Franic, Milan"]
[Black "Zelic, Mladen"]
[Result "1/2-1/2"]
[WhiteElo "2395"]
[BlackElo "2283"]
[PlyCount "51"]
[EventDate "2015.12.13"]
[EventType "swiss"]
[EventRounds "9"]
[EventCountry "CRO"]
[SourceTitle "EXT 2017"]
[Source "ChessBase"]
[SourceDate "2016.10.25"]
[SourceVersion "1"]
[SourceVersionDate "2016.10.25"]
[SourceQuality "1"]

1. d4 Nf6 2. Bg5 c6 3. Bxf6 exf6 4. e3 d5 5. Bd3 Bd6 6. Qf3 Be6 7. Ne2 Nd7 8. Nd2 Qe7 9. h3 0-0-0 10. 0-0-0 g6 11. g4 h5 12. Nf4 hxg4 13. hxg4 Nb6 14. c3 Qd7 15. Be2 Qe7 16. Qg2 Bd7 17. Nd3 f5 18. g5 Nc4 19. Bf3 Nxd2 20. Kxd2 f6 21. Rxh8 Rxh8 22. Nf4 Bxf4 23. exf4 fxg5 24. Re1 Qh7 25. Qxg5 Qh2 26. Qg3 1/2-1/2

[Event "CRO-chT1B 24th"]
[Site "Bol"]
[Date "2015.10.09"]
[Round "7.54"]
[White "Loncar, Robert"]
[Black "Franic, Milan"]
[Result "1-0"]
[WhiteElo "2354"]
[BlackElo "2390"]
[PlyCount "79"]
[EventDate "2015.10.03"]
[EventType "team-tourn"]
[EventRounds "9"]
[EventCountry "CRO"]
[SourceTitle "CBM 168 Extra"]
[Source "ChessBase"]
[SourceDate "2015.10.29"]
[SourceVersion "1"]
[SourceVersionDate "2015.10.29"]
[SourceQuality "1"]
[WhiteTeam "Kastel Stari Sedlar"]
[BlackTeam "Pula CC"]
[WhiteTeamCountry "CRO"]
[BlackTeamCountry "CRO"]

1. Nf3 Nf6 2. c4 e6 3. Nc3 Bb4 4. e3 0-0 5. Be2 b6 6. 0-0 Bb7 7. Qc2 a5 8. b3 Re8 9. a3 Bf8 10. Bb2 d5 11. d4 Nbd7 12. Rfd1 Ne4 13. Ne5 f6 14. Nd3 f5 15. Nf4 c6 16. Nxe4 fxe4 17. Bh5 Re7 18. a4 g5 19. Ne2 Nf6 20. Ng3 Rg7 21. Be2 Bd6 22. c5 Bc7 23. cxb6 Bxb6 24. Ba3 Bc7 25. b4 h5 26. b5 cxb5 27. axb5 h4 28. Nf1 g4 29. Rdc1 Nh7 30. Rab1 Qf6 31. Qxc7 Rxc7 32. Rxc7 g3 33. hxg3 Rb8 34. Bd6 hxg3 35. Nxg3 Qd8 36. Be5 Nf6 37. Nh5 Nxh5 38. Bxh5 Ba6 39. Rg7+ Kf8 40. Rh7 1-0

[Event "CRO-chT1B 24th"]
[Site "Bol"]
[Date "2015.10.04"]
[Round "2.34"]
[White "Grgurevic, Benjamin"]
[Black "Franic, Milan"]
[Result "0-1"]
[WhiteElo "2206"]
[BlackElo "2390"]
[PlyCount "90"]
[EventDate "2015.10.03"]
[EventType "team-tourn"]
[EventRounds "9"]
[EventCountry "CRO"]
[SourceTitle "CBM 168 Extra"]
[Source "ChessBase"]
[SourceDate "2015.10.29"]
[SourceVersion "1"]
[SourceVersionDate "2015.10.29"]
[SourceQuality "1"]
[WhiteTeam "Sibenik"]
[BlackTeam "Pula CC"]
[WhiteTeamCountry "CRO"]
[BlackTeamCountry "CRO"]

1. e4 e6 2. d4 d5 3. Nd2 Nf6 4. e5 Nfd7 5. c3 c5 6. Bd3 b6 7. Ne2 Ba6 8. Bb1 Nc6 9. Nf3 Be7 10. 0-0 Rc8 11. Re1 Bxe2 12. Qxe2 c4 13. h3 b5 14. Nh2 h5 15. f4 g6 16. g4 hxg4 17. hxg4 Nb6 18. f5 gxf5 19. gxf5 Kd7 20. f6 Bf8 21. Bc2 b4 22. Bd2 Bh6 23. Bxh6 Rxh6 24. Qd2 Qh8 25. Kh1 Rh3 26. Rg1 Qh4 27. Rg2 Rh8 28. Rf1 a5 29. Rff2 Ke8 30. Kg1 a4 31. a3 bxc3 32. bxc3 Na5 33. Rf3 Nb3 34. Rxh3 Qxh3 35. Qe1 Na8 36. Bxb3 axb3 37. Qa1 Qe3+ 38. Kh1 Nc7 39. a4 Kd7 40. a5 Rb8 41. Qa3 Qe1+ 42. Rg1 Qe4+ 43. Rg2 b2 44. Nf1 b1Q 45. Kg1 Qe3+ 0-1